000 00745nam a2200205Ii 4500
003 JO-AjNU
008 230605s9999||||xx |||||||||||||| ||und||
040 _aJO-AjNU
_bara
_erda
_cJO-AjNU
041 _aara
050 1 4 _aKMM356.6.A311985.W39 1995
100 3 _aوزارة المالية دائرة ضريبة الدخل,
_eauthor
_910202
245 0 0 _aقانون ضريبة الدخل قانون رقم ( 57 ) لسنة 1985
250 _a(د،ط)
264 3 1 _aعمان : دائرة ضريبة الدخل ، 1996
300 _a144ص
336 _atext
_btxt
_2rdacontent
337 _aunmediated
_bn
_2rdamedia
338 _avolume
_bnc
_2rdacarrier
650 4 _aضريبة الدخل -- قوانين و تشريعات -- الاردن
_910203
999 _aA1687
_c5255
_d5255